La parola mancante - Film italiani famosi - Statistics

Statistiche generali
  • Questo quiz è stato fatto 540 volte
  • Il punteggio medio è 18 su 20
Statistiche sulle risposte
Hint Risposta % Corretto
___ miei Amici
98%
C'eravamo tanto ___ amati
97%
Il buono, il ___, il cattivo brutto
97%
___, città aperta Roma
97%
La ___ è bella vita
97%
Profondo ___ rosso
95%
___ ½ 8
94%
___ di biciclette Ladri
94%
___ e ladri Guardie
93%
La ___ vita dolce
92%
Ricomincio da ___ tre
92%
___ Cinema Paradiso Nuovo
89%
La grande ___ bellezza
86%
La ___ gioventù meglio
86%
___ all'italiana Divorzio
85%
Per un pugno di ___ dollari
84%
___ Mediterraneo
83%
I soliti ___ sospetti
79%
___, amore e fantasia Pane
69%
___ amaro Riso
67%
Nessun quiz corrispondente trovato
Distribuzione punteggi
Percentuale di utenti per punteggio
Percentile per numero di risposta
I tuoi punteggi nel tempo
Non hai fatto questo quiz